000 00848nam a2200205Ii 4500
003 JO-AjNU
008 230605s9999||||xx |||||||||||||| ||und||
040 _aJO-AjNU
_bara
_erda
_cJO-AjNU
041 _aara
050 1 4 _aQA76.15.1994
100 3 _aتأليف كوانتن، ر.د ؛ ترجمة / أنطوان بطرس ، تدقيق وضبط / جورج متري عبد المسيح,
_eauthor
_930020
245 0 0 _aقاموس الكمبيوتر المصور مع دليل مواقع المصطلحات ومسردين عربي - إنكليزي - إنكليزي - عربي
250 _aط1
264 3 1 _aبيروت، لبنان: مكتبة لبنان، 1994
300 _a290ص
336 _atext
_btxt
_2rdacontent
337 _aunmediated
_bn
_2rdamedia
338 _avolume
_bnc
_2rdacarrier
650 4 _aكمبيوتر -- قواميس
_930021
999 _aA11850
_c15418
_d15418